| 000 | 00716nam a22002297a 4500 | ||
|---|---|---|---|
| 005 | 20170124110105.0 | ||
| 010 | _aA-158696 | ||
| 020 | _c00.00 | ||
| 035 | _aA-158696 | ||
| 037 | _bCen Lib/Ret | ||
| 040 |
_aDPL _bEN |
||
| 082 |
_a921 _bPOL |
||
| 245 |
_aPolitical thought and leadership of Lokmanya Tilk / _cedited by N.R.Inamdar |
||
| 260 |
_aNew Delhi _bConcept Publishing Company _c1981 |
||
| 270 |
_aH-13, Bali Nagar _bNew Delhi _e110015 |
||
| 300 |
_axI,348p. _c20cm(Hb) |
||
| 500 | _aIncludes bibliographical reference and index | ||
| 650 |
_aPolitical science _927889 |
||
| 650 |
_aIndian Freedom Movement _927890 |
||
| 700 |
_923838 _aInamdar, N.R. |
||
| 942 |
_2ddc _cEN _h921 _mPOL |
||
| 999 |
_c129956 _d129956 |
||